Country Flags with Some of Red, White, and Blue - Statistics

General Stats
  • This quiz has been taken 23 times
  • The average score is 21 of 23
Answer Stats
Picture Answer % Correct
Canada
100%
Denmark
100%
Finland
100%
Georgia
100%
Greece
100%
Japan
100%
Austria
93%
Bahrain
93%
Indonesia
93%
Israel
93%
Latvia
93%
Monaco
93%
Poland
93%
Qatar
93%
Somalia
93%
Switzerland
93%
Tunisia
93%
Turkey
93%
Honduras
87%
Singapore
87%
Peru
80%
Federated States of Micronesia
73%
Tonga
73%
No matching quizzes found
Score Distribution
Percent of People with Each Score
Percentile by Number Answered
Your Score History
You have not taken this quiz